000 00497nam a2200181Ia 4500
001 23320
005 20260414150929.0
008 260414t2018||||xx |||||||||||||| ||spa||
041 _aESP
082 _a629.8
_bA122 T. 1
100 _aAddario, Miguel d´
_eAUT
245 0 _aAutomatización industrial :
_bingeniería eléctrica, tecnología, representación y funciones
260 _c2018
300 _a207 páginas :
_c23 cm.
650 _aCNM
654 _aCCN
942 _cLIB
_dJUS
_fJUS
_2ddc
_n
999 _c23320
_d23320